Los vascos (Record no. 5997)

MARC details
000 -LEADER
campo de control de longitud fija 00663nam a2200229 i 4500
001 - NÚMERO DE CONTROL
campo de control 5997
003 - IDENTIFICADOR DE NÚMERO DE CONTROL
campo de control ES-MaACL
005 - FECHA Y HORA DE LA ÚLTIMA TRANSACCIÓN
campo de control 20251209063020.0
007 - CAMPO FIJO DE DESCRIPCIÓN FÍSICA--INFORMACIÓN GENERAL
campo de control de longitud fija t|
008 - DATOS DE LONGITUD FIJA--INFORMACIÓN GENERAL
campo de control de longitud fija 890620s1978 sp |||| | spa d
020 ## - NÚMERO INTERNACIONAL ESTÁNDAR DEL LIBRO
Número Internacional Estándar del Libro 84-7099-037-3
080 ## - NÚMERO DE LA CLASIFICACIÓN DECIMAL UNIVERSAL
Número de la Clasificación Decimal Universal 9(466)
100 1# - ENTRADA PRINCIPAL--NOMBRE DE PERSONA
Nombre de persona Letamendia Belzunce, Francisco,
Fechas asociadas al nombre 1944-
9 (RLIN) 165051
245 14 - MENCIÓN DEL TÍTULO
Título Los vascos
Resto del título : síntesis de su historia /
Mención de responsabilidad, etc. Ortzi.
260 ## - PUBLICACIÓN, DISTRIBUCIÓN, ETC.
Lugar de publicación, distribución, etc. Donostia [San Sebastián] :
Nombre del editor, distribuidor, etc. Hordago,
Fecha de publicación, distribución, etc. D.L. 1978.
300 ## - DESCRIPCIÓN FÍSICA
Extensión 263 ;
Dimensiones 20 cm.
490 1# - MENCIÓN DE SERIE
Mención de serie Otsagabia ;
Designación de volumen o secuencia 3
651 #4 - PUNTO DE ACCESO ADICIONAL DE MATERIA--NOMBRE GEOGRÁFICO
Nombre geográfico País Vasco-
Subdivisión general Historia.
9 (RLIN) 9152
830 0# - PUNTO DE ACCESO ADICIONAL DE SERIE-TÍTULO UNIFORME
Título uniforme Otsagabia ;
Designación de volumen o secuencia 3
9 (RLIN) 227746
852 ## - LOCALIZACIÓN
Ubicación ES-MaACL
Número de control de estantería F-803
Holdings
Estatus retirado Estado de pérdida Estado de daño No para préstamo Biblioteca de origen Biblioteca actual Ubicación en estantería Fecha de adquisición Fuente de adquisición Total de préstamos Signatura topográfica completa Código de barras Visto por última vez Precio de reemplazo Tipo de ítem Koha
        Biblioteca del Ateneo de Madrid Biblioteca del Ateneo de Madrid Depósito 2 17/01/2008     F-803 1006095 23/02/2023 23/02/2023 Libro impreso